macOS Components Quiz - Statistics

General Stats
  • This quiz has been taken 45 times
  • The average score is 17 of 35
Answer Stats
Application % Correct
Safari
82%
Notes
77%
App Store
68%
Calendar
68%
FaceTime
68%
Maps
64%
Music
64%
TV
64%
Books
59%
Podcasts
59%
Reminders
59%
Contacts
55%
Mail
55%
Messages
55%
Photos
55%
Preview
55%
Siri
55%
Calculator
50%
Find My
50%
QuickTime Player
50%
System Preferences
50%
Photo Booth
45%
Chess
41%
Home
41%
TextEdit
41%
Dictionary
36%
Launchpad
36%
Stocks
36%
Voice Memos
36%
Automator
27%
Font Book
27%
Mission Control
27%
Image Capture
18%
Stickies
18%
Time Machine
14%
No matching quizzes found
Score Distribution
Percent of People with Each Score
Percentile by Number Answered
Your Score History
You have not taken this quiz